000 00445nmm a2200157Ia 4500
008 251105s9999||||xx |||||||||||||||||und||
041 _aspa
100 _aBalletbò-Coll, Marta & Simón Cerezo, Ana
245 0 _aHotel Kempinsky
264 _a[Madrid, España] :
_bEditorial Egales,
_c2023
300 _a107 páginas
490 _aNarrativa
650 _aRomance
856 _uhttps://public.digitaliapublishing.com/a/135801
942 _cCF
999 _c100275
_d100275